• 首页
  • 本馆介绍
  • 公告通知
  • 最新文献
  • 馆藏检索
  • 电子资源
  • 读者导购
  • 参考咨询
  • 我的图书馆
  • 登录
  • 详细信息显示
  • 放入我的书架
  • 预约/预借图书
  • 作者相关作品
  • 分类相关作品
  • 丛书相关作品
  • 出版社相关作品

书目信息

  • 表格格式
  • 工作单格式
  • 卡片格式
题名:
卡耐基人际关系学
    
 
作者: 卡耐基 , Carnegie 著 ;靳西 编译
分册:  
出版信息: 延吉   延边大学出版社  2001
页数: 314页
开本: 21cm
丛书名: 卡耐基智慧丛书
单 册:
中图分类: C912.1 , B848.4
科图分类:
主题词: 人际关系学 , 个性心理学 , 人格心理学
电子资源:
ISBN: 7-5634-1524-6
000 01040oam2 2200313 450
001 1560086805
005 20150127164213.50
010    @a7-5634-1524-6@dCNY18.80
100    @a20010725d2001 em y0chiy0110 ea
101 1  @achi@ceng
102    @aCN@b220000
105    @aa z 000yy
200 1  @a卡耐基人际关系学@9ka nai ji ren ji guan xi xue@f[(美)卡耐基(Andrew Carnegie)著]@g靳西编译
210    @a延吉@c延边大学出版社@d2001
215    @a314页@c图@d21cm
225 2  @a卡耐基智慧丛书
330    @a本书详细介绍了卡耐基对处世之道的深入探究,提供了卡耐基圆满解决人际关系的成功经验,其中既有他自己的亲身经历,又有他为各方人士开出的“妙方”。
461  0 @12001 @a卡耐基智慧丛书
510 1  @aCarnegie's Good Interpersonal Relations@zeng
606 0  @a人际关系学
606 0  @a个性心理学
606 0  @a人格心理学
690    @aC912.1@v5
690    @aB848.4@v4
701  1 @a卡耐基@9ka nai ji@bA.@4著
701  1 @aCarnegie@bAndrew@4著
702  0 @a靳西@9jin xi@4编译
801  0 @aCN@bTSSF@c20150127
905    @aZUCC@dB848.4@eJY149
    
    卡耐基人际关系学/[(美)卡耐基(Andrew Carnegie)著]/靳西编译.-延吉:延边大学出版社,2001
    314页:图;21cm.-(卡耐基智慧丛书)
    
    
    ISBN 7-5634-1524-6:CNY18.80
    本书详细介绍了卡耐基对处世之道的深入探究,提供了卡耐基圆满解决人际关系的成功经验,其中既有他自己的亲身经历,又有他为各方人士开出的“妙方”。
●
相关链接 在E读中查询图书 在五车中查询图书 在当当中查询图书 在豆瓣中查询图书


正题名:卡耐基人际关系学     索取号:B848.4/JY149         预约/预借

序号 登录号 条形码 馆藏地/架位号 状态 备注
1 7838762   278387620   学院路分馆/ [索取号:B848.4/JY149] 在馆    
唐山师范学院图书馆 欢迎您!
大连网信软件有限公司© 版权所有